| 000 | 00668nam a2200133Ia 4500 | ||
|---|---|---|---|
| 008 | 171212s9999 xx 000 0 und d | ||
| 020 | _a9781921313554 | ||
| 245 |
_ceditor Huisken, Ron;Thatcher, Meredith _aHistory as Policy _bFraming the debate on the future of Australia's defence policy |
||
| 260 |
_bANU E Press _c2007 |
||
| 440 | _aStrategic and Defence Studies Centre (SDSC) | ||
| 650 | _aAustralia -- Military policy; Australia -- Military policy -- History; Australia -- National security; Australia -- Foreign relations; Australia -- Defenses; Australia -- Strategic aspects | ||
| 650 | _aPolitical Science | ||
| 856 | _uwww.jstor.org/stable/10.2307/j.ctt24hbvw | ||
| 999 |
_c351142 _d351142 |
||